Normale Ansicht
MARC-Ansicht
Eintrag Personenname
001 - Kontrollnummer
- Kontrollfeld: 66712
003 - Kontrollnummer Identifier
- Kontrollfeld:
005 - Datum und Zeit der letzten Transaktion
- Kontrollfeld: 20250814114702.0
008 - Datenelemente mit fester Länge
- Kontrollfeld mit fester Länge: 250814|| aca||aabn | a|a d
040 ## - Katalogisierungsquelle
- Original-Katalogisierungsstelle:
- Übertragungsstelle:
100 ## - Ansetzung - Personenname
- Personenname: Gansel, Carsten (Hrsg.); Sarkowicz, Hans (Hrsg.); Feuchert, Sascha (Hrsg.)
670 ## - Datenquelle
- Quellenangabe: Work cat.: ()72679: Gansel, Carsten (Hrsg.); Sarkowicz, Hans (Hrsg.); Feuchert, Sascha (Hrsg.) aut, Deutschsprachiger Rundfunk im Exil